[Event "20. Open Pula 2006"]
[Site "Pula CRO"]
[Date "2006.06.21"]
[Round "5.18"]
[White "Feletar, Darko"]
[Black "Medic, Mirjana"]
[Result "1/2-1/2"]
[WhiteElo "2391"]
[BlackElo "2239"]
[PlyCount "25"]
[EventDate "2006.06.18"]
[EventType "swiss"]
[EventRounds "9"]
[EventCountry "CRO"]
[Source "lmi"]
[SourceDate "2006.06.26"]

1. b3 e5 2. Bb2 d6 3. e3 Nf6 4. d4 Nbd7 5. Nf3 e4 6. Nfd2 d5 7. c4 c6 8. Be2
Bd6 9. Ba3 Qe7 10. Bxd6 Qxd6 11. Nc3 O-O 12. O-O Re8 13. Qc2 1/2-1/2

[Event "20. Open Pula 2006"]
[Site "Pula CRO"]
[Date "2006.06.21"]
[Round "5.19"]
[White "Mikac, Matjaz"]
[Black "Kolesar, Milan"]
[Result "1-0"]
[WhiteElo "2376"]
[BlackElo "2253"]
[PlyCount "109"]
[EventDate "2006.06.18"]
[EventType "swiss"]
[EventRounds "9"]
[EventCountry "CRO"]
[Source "lmi"]
[SourceDate "2006.06.26"]

1. e4 e5 2. Bc4 Nc6 3. Nf3 Bc5 4. c3 Nf6 5. d3 a6 6. O-O d6 7. Bb3 O-O 8. h3 h6
9. Nbd2 b5 10. Re1 Bb7 11. Nf1 Bb6 12. Ng3 Qd7 13. Nh4 Rad8 14. Ngf5 d5 15. Qf3
dxe4 16. Nxh6+ Kh7 17. dxe4 Na5 18. Bc2 Qe6 19. N6f5 Nc4 20. Qe2 Rd7 21. Nf3
Kg8 22. b3 Nd6 23. Ng5 Qe8 24. Ba3 Nxf5 25. exf5 c5 26. Ne4 Nxe4 27. Bxe4 f6
28. Rad1 Bxe4 29. Qxe4 Qc8 30. c4 Rfd8 31. Rd5 Rxd5 32. cxd5 c4 33. bxc4 Qxc4
34. Qxc4 bxc4 35. d6 Bd4 36. Rb1 Rd7 37. Rb8+ Kf7 38. Rc8 c3 39. Kf1 e4 40. Ke2
Be5 41. Rc6 a5 42. Ke3 c2 43. Rxc2 Bxd6 44. Bxd6 Rxd6 45. Kxe4 Rb6 46. g4 Rb4+
47. Ke3 g5 48. fxg6+ Kxg6 49. Kf3 Ra4 50. Kg3 Ra3+ 51. f3 Kg7 52. h4 Kh7 53.
Kf4 Kg6 54. h5+ Kg7 55. Ke4 1-0

[Event "20. Open Pula 2006"]
[Site "Pula CRO"]
[Date "2006.06.21"]
[Round "5.20"]
[White "Ivakhin, Maxim"]
[Black "Zugaj, Fjodor"]
[Result "1-0"]
[WhiteElo "2368"]
[BlackElo "2215"]
[PlyCount "137"]
[EventDate "2006.06.18"]
[EventType "swiss"]
[EventRounds "9"]
[EventCountry "CRO"]
[Source "lmi"]
[SourceDate "2006.06.26"]

1. e4 c6 2. d4 d5 3. e5 Bf5 4. Nf3 e6 5. Be2 Ne7 6. O-O c5 7. c3 Nec6 8. Be3
Nd7 9. Nbd2 Be7 10. dxc5 Bxc5 11. Nd4 Bg6 12. f4 f6 13. N2b3 Bb6 14. Qd2 Qe7
15. Bb5 Nxd4 16. cxd4 O-O 17. a4 a6 18. Be2 Be4 19. a5 Ba7 20. Rfc1 Rac8 21.
Rc3 h6 22. Rac1 Rxc3 23. Rxc3 Bb8 24. Rc1 g5 25. exf6 Qxf6 26. fxg5 hxg5 27.
Rf1 Bf4 28. g3 Bxe3+ 29. Qxe3 Qd8 30. Rxf8+ Kxf8 31. Bg4 Kf7 32. Nd2 Qxa5 33.
Nxe4 dxe4 34. Qxe4 Qb6 35. Qh7+ Ke8 36. Qg8+ Ke7 37. Qxg5+ Kd6 38. Qf4+ Ke7 39.
h4 Qxb2 40. h5 Qb1+ 41. Kh2 Qc2+ 42. Kh3 b5 43. Qe3 Qc6 44. Bf3 Qc8 45. g4 b4
46. d5 Nf6 47. g5 e5+ 48. Kg3 Nd7 49. g6 Kf6 50. Qe4 Qf8 51. Qg4 Qd6 52. Be4
Kg7 53. h6+ Kg8 54. Qe6+ Qxe6 55. dxe6 Nf6 56. Bc2 Nd5 57. Kh4 a5 58. Kg5 a4
59. Bxa4 e4 60. Be8 Ne7 61. Bf7+ Kh8 62. Kf6 Nd5+ 63. Ke5 Ne7 64. Kxe4 b3 65.
Kd3 Nf5 66. g7+ Nxg7 67. e7 b2 68. Kc2 Kh7 69. hxg7 1-0

[Event "20. Open Pula 2006"]
[Site "Pula CRO"]
[Date "2006.06.22"]
[Round "6.3"]
[White "Cvitan, Ognjen"]
[Black "Sakelsek, Tadej"]
[Result "1/2-1/2"]
[WhiteElo "2527"]
[BlackElo "2428"]
[PlyCount "30"]
[EventDate "2006.06.18"]
[EventType "swiss"]
[EventRounds "9"]
[EventCountry "CRO"]
[Source "lmi"]
[SourceDate "2006.06.26"]

1. d4 Nf6 2. c4 e6 3. Nf3 b6 4. Nc3 Bb4 5. Bg5 Bb7 6. e3 h6 7. Bh4 g5 8. Bg3
Ne4 9. Qc2 Bxc3+ 10. bxc3 d6 11. Bd3 f5 12. d5 Nd7 13. Bxe4 fxe4 14. Qxe4 Qf6
15. O-O O-O-O 1/2-1/2

[Event "20. Open Pula 2006"]
[Site "Pula CRO"]
[Date "2006.06.22"]
[Round "6.5"]
[White "Saric, Ivan"]
[Black "Popovic, Dusan"]
[Result "1/2-1/2"]
[WhiteElo "2393"]
[BlackElo "2496"]
[PlyCount "34"]
[EventDate "2006.06.18"]
[EventType "swiss"]
[EventRounds "9"]
[EventCountry "CRO"]
[Source "lmi"]
[SourceDate "2006.06.26"]

1. e4 e5 2. Nf3 d6 3. Bc4 Nf6 4. Nc3 Be7 5. d4 exd4 6. Nxd4 O-O 7. O-O c6 8. a4
Nxe4 9. Nxe4 d5 10. Bd3 dxe4 11. Bxe4 Na6 12. c3 Bf6 13. Qc2 g6 14. Be3 Nc7 15.
Rad1 Qe7 16. Bf3 Ne6 17. a5 Nxd4 1/2-1/2

[Event "20. Open Pula 2006"]
[Site "Pula CRO"]
[Date "2006.06.22"]
[Round "6.6"]
[White "Kovacevic, Aleksandar"]
[Black "Plenkovic, Zdenko"]
[Result "0-1"]
[WhiteElo "2536"]
[BlackElo "2278"]
[PlyCount "120"]
[EventDate "2006.06.18"]
[EventType "swiss"]
[EventRounds "9"]
[EventCountry "CRO"]
[Source "lmi"]
[SourceDate "2006.06.26"]

1. e4 c5 2. Nf3 Nc6 3. d4 cxd4 4. Nxd4 Qc7 5. c4 Nf6 6. Nc3 e6 7. Be2 a6 8. a3
Nxd4 9. Qxd4 Bd6 10. Bg5 Be5 11. Qd3 h6 12. Bh4 b6 13. Bg3 Bb7 14. Rd1 O-O 15.
Bxe5 Qxe5 16. Qd4 Qxd4 17. Rxd4 e5 18. Rd6 Bc6 19. h4 Rfd8 20. Rh3 Kf8 21. Re3
Ke7 22. Rd2 d6 23. Rc2 g6 24. Kd2 Nd7 25. Nd5+ Bxd5 26. cxd5 Ra7 27. Rc6 b5 28.
Rec3 Nc5 29. f3 Na4 30. Rc2 Nc5 31. Kc3 Kd7 32. b4 Ne6 33. Rd2 Nd4 34. Rxd4
exd4+ 35. Kxd4 Rc8 36. Rxa6 Rxa6 37. Bxb5+ Kd8 38. Bxa6 Rc2 39. a4 Rxg2 40. a5
Kc7 41. Bb5 f6 42. Be8 g5 43. hxg5 Rxg5 44. b5 Rg1 45. Ke3 Ra1 46. Kf4 Rxa5 47.
b6+ Kxb6 48. Kf5 Ra8 49. Bh5 Rf8 50. Kg6 Rg8+ 51. Kxh6 Kc5 52. Bg6 Kd4 53. Kh7
Rb8 54. Kg7 Ke5 55. f4+ Kxf4 56. Kxf6 Rh8 57. Kg7 Rh4 58. Kf6 Rh6 59. e5 Rxg6+
60. Kxg6 Kxe5 0-1

[Event "20. Open Pula 2006"]
[Site "Pula CRO"]
[Date "2006.06.22"]
[Round "6.8"]
[White "Rigo, Zsolt"]
[Black "Goric, Esad"]
[Result "1/2-1/2"]
[WhiteElo "2402"]
[BlackElo "2346"]
[PlyCount "54"]
[EventDate "2006.06.18"]
[EventType "swiss"]
[EventRounds "9"]
[EventCountry "CRO"]
[Source "lmi"]
[SourceDate "2006.06.26"]

1. e4 e6 2. Nf3 d5 3. Nc3 Nf6 4. e5 Nfd7 5. d4 c5 6. dxc5 Nc6 7. Bf4 Bxc5 8.
Bd3 Nb4 9. O-O Nxd3 10. Qxd3 Be7 11. Ne2 O-O 12. Ng3 f6 13. Qd2 fxe5 14. Nxe5
g5 15. Nxd7 gxf4 16. Nxf8 fxg3 17. Nxh7 gxh2+ 18. Kh1 Kxh7 19. Rad1 Kg8 20. c4
d4 21. Qd3 Bf6 22. Qg6+ Bg7 23. Rfe1 Qf6 24. Qe8+ Qf8 25. Qg6 Qf6 26. Qe8+ Qf8
27. Qg6 Qf6 1/2-1/2

[Event "20. Open Pula 2006"]
[Site "Pula CRO"]
[Date "2006.06.22"]
[Round "6.10"]
[White "Sagafos, Magne"]
[Black "Krumpacnik, Domen"]
[Result "1-0"]
[WhiteElo "2271"]
[BlackElo "2385"]
[PlyCount "56"]
[EventDate "2006.06.18"]
[EventType "swiss"]
[EventRounds "9"]
[EventCountry "CRO"]
[Source "lmi"]
[SourceDate "2006.06.26"]

1. e4 Nc6 2. d4 d5 3. Nc3 dxe4 4. d5 Ne5 5. Bf4 Ng6 6. Bg3 a6 7. Bc4 f5 8. Nh3
b5 9. Bb3 Nf6 10. O-O e5 11. dxe6 Bd6 12. Bxd6 Qxd6 13. Qxd6 cxd6 14. f3 Bb7
15. fxe4 fxe4 16. Rad1 Ke7 17. Ng5 Rhc8 18. Nxh7 Rc5 19. Nxf6 gxf6 20. Bd5 Bxd5
21. Nxd5+ Rxd5 22. Rxd5 Kxe6 23. Rdf5 Rf8 24. g4 Nh4 25. R5f4 Ke5 26. g5 Nf3+
27. R1xf3 exf3 28. Rxf6 Rh8 1-0

[Event "20. Open Pula 2006"]
[Site "Pula CRO"]
[Date "2006.06.22"]
[Round "6.11"]
[White "Kekic, Armin"]
[Black "Mikac, Matjaz"]
[Result "1/2-1/2"]
[WhiteElo "2213"]
[BlackElo "2376"]
[PlyCount "44"]
[EventDate "2006.06.18"]
[EventType "swiss"]
[EventRounds "9"]
[EventCountry "CRO"]
[Source "lmi"]
[SourceDate "2006.06.26"]

1. e4 e5 2. Nf3 Nc6 3. Bb5 a6 4. Ba4 Nf6 5. O-O Be7 6. Re1 b5 7. Bb3 d6 8. c3
O-O 9. h3 Na5 10. Bc2 c5 11. d4 Qc7 12. Nbd2 cxd4 13. cxd4 Nc6 14. Nb3 a5 15.
Be3 a4 16. Nbd2 Bd7 17. Rc1 Qb7 18. Qe2 Rfe8 19. Bd3 exd4 20. Nxd4 Nb4 21. Bb1
Bd8 22. Qf3 d5 1/2-1/2

[Event "20. Open Pula 2006"]
[Site "Pula CRO"]
[Date "2006.06.22"]
[Round "6.14"]
[White "Sutkovic, Damir"]
[Black "Kveinys, Aloyzas"]
[Result "1-0"]
[WhiteElo "2286"]
[BlackElo "2532"]
[PlyCount "89"]
[EventDate "2006.06.18"]
[EventType "swiss"]
[EventRounds "9"]
[EventCountry "CRO"]
[Source "lmi"]
[SourceDate "2006.06.26"]

1. d4 Nf6 2. c4 e6 3. Nc3 Bb4 4. a3 Bxc3+ 5. bxc3 c5 6. f3 d5 7. e3 O-O 8. cxd5
exd5 9. Bd3 Re8 10. Ne2 b6 11. O-O Ba6 12. Ng3 Bxd3 13. Qxd3 Nc6 14. Bb2 Rc8
15. Rae1 cxd4 16. cxd4 Na5 17. e4 Re6 18. e5 Ne8 19. f4 Rec6 20. Re2 g6 21. f5
Qg5 22. fxg6 hxg6 23. Ref2 R8c7 24. Qf3 Rd7 25. Bc1 Qh4 26. Qd3 Ng7 27. Rf4 Qd8
28. h4 Qc7 29. Bd2 Nc4 30. Be1 Nb2 31. Qf3 Re6 32. h5 a5 33. h6 Ne8 34. h7+
Kxh7 35. Rh4+ Kg8 36. Nf5 gxf5 37. Qh3 Kf8 38. Rh8+ Ke7 39. Rxe8+ Kxe8 40. Qh8+
Ke7 41. Bh4+ f6 42. exf6+ Kd6 43. Bg3+ Kc6 44. Bxc7 Kxc7 45. Rxf5 1-0

[Event "20. Open Pula 2006"]
[Site "Pula CRO"]
[Date "2006.06.22"]
[Round "6.15"]
[White "Medic, Mirjana"]
[Black "Tratar, Marko"]
[Result "1-0"]
[WhiteElo "2239"]
[BlackElo "2499"]
[PlyCount "89"]
[EventDate "2006.06.18"]
[EventType "swiss"]
[EventRounds "9"]
[EventCountry "CRO"]
[Source "lmi"]
[SourceDate "2006.06.26"]

1. d4 d6 2. Nf3 Bg4 3. c4 Bxf3 4. gxf3 c6 5. Nc3 g6 6. Bg2 Bg7 7. f4 e6 8. d5
exd5 9. cxd5 Ne7 10. Qb3 Qd7 11. Bd2 O-O 12. O-O-O Na6 13. Kb1 Nc5 14. Qc2 Rac8
15. h4 cxd5 16. Rc1 Qe6 17. f5 gxf5 18. Bg5 Ne4 19. Bxe4 dxe4 20. Rhg1 Nd5 21.
Qd2 Nxc3+ 22. Rxc3 Rxc3 23. Bh6 Rh3 24. Bxg7 Rh1 25. Rxh1 Kxg7 26. Qd4+ Qe5 27.
Qxa7 b5 28. a3 f4 29. Rd1 Re8 30. Qb7 e3 31. f3 Re7 32. Qc6 Qf5+ 33. Ka1 Re6
34. Rxd6 Qe5 35. Rxe6 fxe6 36. Qd7+ Kh6 37. Qd3 Kg7 38. Kb1 Qh5 39. Qd7+ Kf6
40. Qd8+ Kg7 41. Qc7+ Kg6 42. Qxf4 Qc5 43. Qe4+ Kg7 44. Qxe6 Qd4 45. Qg4+ 1-0

[Event "20. Open Pula 2006"]
[Site "Pula CRO"]
[Date "2006.06.22"]
[Round "6.16"]
[White "Kovacevic, Blazimir"]
[Black "Kjartansson, Gudmundur"]
[Result "1-0"]
[WhiteElo "2468"]
[BlackElo "2283"]
[PlyCount "87"]
[EventDate "2006.06.18"]
[EventType "swiss"]
[EventRounds "9"]
[EventCountry "CRO"]
[Source "lmi"]
[SourceDate "2006.06.26"]

1. f4 d5 2. Nf3 Nf6 3. g3 g6 4. Bg2 Bg7 5. O-O O-O 6. d3 c5 7. Qe1 Nc6 8. Na3
d4 9. Bd2 Rb8 10. c4 dxc3 11. bxc3 b5 12. h3 b4 13. cxb4 cxb4 14. Nc4 Nd5 15.
Nfe5 Nxe5 16. Nxe5 Qd6 17. Kh2 Ba6 18. Qf2 Bxe5 19. fxe5 Qxe5 20. Bh6 Qe6 21.
Qd4 Nf6 22. Bxf8 Rxf8 23. Qxa7 Bc8 24. e4 Rd8 25. Qe3 Ba6 26. Rfd1 Rd7 27. Rd2
h5 28. Rc1 h4 29. Rc5 hxg3+ 30. Qxg3 b3 31. axb3 Qxb3 32. d4 Qb4 33. Qc3 Qb1
34. Qc1 Qb4 35. e5 Nh5 36. Qc3 Qb1 37. Qc2 Qe1 38. Qc3 Bf1 39. Bc6 Rd8 40. Bh1
Rxd4 41. Rc2 Qh4 42. Qe3 Rd3 43. Rc8+ Kh7 44. Rh8+ 1-0

[Event "20. Open Pula 2006"]
[Site "Pula CRO"]
[Date "2006.06.22"]
[Round "6.17"]
[White "Halldorsson, Bragi"]
[Black "Zivanic, Marko"]
[Result "1/2-1/2"]
[WhiteElo "2211"]
[BlackElo "2462"]
[PlyCount "170"]
[EventDate "2006.06.18"]
[EventType "swiss"]
[EventRounds "9"]
[EventCountry "CRO"]
[Source "lmi"]
[SourceDate "2006.06.26"]

1. d4 Nf6 2. c4 g6 3. Nc3 d5 4. e3 Bg7 5. b4 a5 6. b5 dxc4 7. Bxc4 c5 8. bxc6
Nxc6 9. Nf3 O-O 10. Ba3 Bg4 11. Rc1 Rc8 12. Be2 Nd5 13. Qd2 Ndb4 14. h3 Bxf3
15. Bxf3 Qd7 16. O-O Ne5 17. Be2 Nc4 18. Bxc4 Rxc4 19. Ne4 Rfc8 20. Bxb4 axb4
21. Rxc4 Rxc4 22. Rc1 Qd5 23. Rxc4 Qxc4 24. Nc5 b6 25. Nb3 e6 26. f4 h6 27. h4
Bf8 28. Kf2 Qd5 29. Qe2 Be7 30. g3 Qh1 31. Qf3 Qb1 32. Qe2 g5 33. hxg5 hxg5 34.
Kg2 Qe4+ 35. Qf3 Qc2+ 36. Qf2 Qd3 37. Qd2 Qe4+ 38. Kg1 Qf3 39. Qf2 Qe4 40. Nd2
Qd5 41. Nb3 Kg7 42. Qc2 f5 43. Qg2 Qb5 44. Qd2 Kg6 45. Kf2 Qc6 46. Kg1 Qe4 47.
Qf2 Kf7 48. Nd2 Qd3 49. Nb3 Ke8 50. Qd2 Qe4 51. Qe2 Kd8 52. Kf2 Kc7 53. Qc4+
Kd8 54. Nd2 Qh1 55. Qf1 Qa8 56. Qc4 gxf4 57. gxf4 Bh4+ 58. Ke2 Qg2+ 59. Kd1
Qg1+ 60. Nf1 Qh1 61. Kd2 Qg2+ 62. Kd1 Qf3+ 63. Kd2 Kd7 64. Qb5+ Kc7 65. Qa6
Qg2+ 66. Qe2 Qd5 67. Qa6 Qc6 68. Qd3 Kb7 69. Kd1 Qd5 70. Nd2 Qxa2 71. e4 Qa1+
72. Kc2 Be1 73. Nb3 Qa2+ 74. Kd1 Bc3 75. Nc1 Qa4+ 76. Ke2 fxe4 77. Qxe4+ Ka7
78. Qxe6 Qc2+ 79. Kf3 Qd1+ 80. Ne2 Qf1+ 81. Kg4 Qg2+ 82. Kh5 Qh2+ 83. Kg6 Qg2+
84. Kh5 Qh2+ 85. Kg6 Qg2+ 1/2-1/2

[Event "20. Open Pula 2006"]
[Site "Pula CRO"]
[Date "2006.06.22"]
[Round "6.18"]
[White "Rabus, Berthold"]
[Black "Feletar, Darko"]
[Result "0-1"]
[WhiteElo "2201"]
[BlackElo "2391"]
[PlyCount "108"]
[EventDate "2006.06.18"]
[EventType "swiss"]
[EventRounds "9"]
[EventCountry "CRO"]
[Source "lmi"]
[SourceDate "2006.06.26"]

1. d4 Nf6 2. Nf3 c5 3. c4 cxd4 4. Nxd4 e6 5. Nc3 Bb4 6. Bd2 Nc6 7. Nxc6 dxc6 8.
a3 Bd6 9. Bg5 Qc7 10. e3 Be5 11. Qd2 Qa5 12. Rd1 Bxc3 13. bxc3 Nd7 14. Bh4 Qxa3
15. Be2 O-O 16. O-O f6 17. Bg3 e5 18. f4 Qe7 19. f5 Nc5 20. Qc2 Bd7 21. e4 Rfd8
22. Bf2 Be8 23. Be3 Bf7 24. Kh1 b6 25. g4 Nb7 26. h4 Na5 27. Qa4 c5 28. Kg2
Rxd1 29. Rxd1 Rd8 30. Rd5 Bxd5 31. cxd5 Qc7 32. Bb5 Kf8 33. Be2 Ke7 34. g5 Kd6
35. Kf1 Ra8 36. Ba6 Rf8 37. Ke1 Nb7 38. Be2 Ra8 39. Ba6 Ke7 40. Qd1 Nd6 41.
gxf6+ gxf6 42. Qh5 Kd8 43. Bg5 Qg7 44. Bd3 a5 45. Bxf6+ Qxf6 46. Qxh7 Kc8 47.
Qg8+ Kb7 48. Qh7+ Nf7 49. Bb5 Rh8 50. Qg6 Qxg6 51. fxg6 Rxh4 52. gxf7 Rxe4+ 53.
Kd2 Rf4 54. Be8 Kc7 0-1

[Event "20. Open Pula 2006"]
[Site "Pula CRO"]
[Date "2006.06.22"]
[Round "6.22"]
[White "Nikolov, Sasho"]
[Black "Fogel, Pierre"]
[Result "1-0"]
[WhiteElo "2354"]
[BlackElo "2226"]
[PlyCount "53"]
[EventDate "2006.06.18"]
[EventType "swiss"]
[EventRounds "9"]
[EventCountry "CRO"]
[Source "lmi"]
[SourceDate "2006.06.26"]

1. e4 c5 2. Nf3 d6 3. d4 cxd4 4. Nxd4 Nf6 5. Nc3 a6 6. Be2 e5 7. Nb3 Be7 8. O-O
O-O 9. Kh1 b6 10. f4 Bb7 11. Bf3 Nbd7 12. Be3 Qc7 13. Qd2 Rfd8 14. Rad1 Rac8
15. Qf2 b5 16. a3 Bf8 17. fxe5 dxe5 18. Rd3 b4 19. axb4 Bxb4 20. Rfd1 Re8 21.
Bg5 Qc6 22. Qh4 Nb6 23. Nd5 Nfxd5 24. exd5 Qc4 25. Be4 g6 26. Bf6 Nd7 27. Qxh7+
1-0

[Event "20. Open Pula 2006"]
[Site "Pula CRO"]
[Date "2006.06.22"]
[Round "6.24"]
[White "Nemet, Ivan"]
[Black "Drobne, Marjan"]
[Result "1-0"]
[WhiteElo "2346"]
[BlackElo "2113"]
[PlyCount "39"]
[EventDate "2006.06.18"]
[EventType "swiss"]
[EventRounds "9"]
[EventCountry "CRO"]
[Source "lmi"]
[SourceDate "2006.06.26"]

1. d4 e6 2. e4 d5 3. Nc3 Nf6 4. Bg5 dxe4 5. Nxe4 Be7 6. Bxf6 Bxf6 7. Nf3 Be7 8.
Bd3 Nd7 9. Qe2 O-O 10. h4 c5 11. dxc5 Bxc5 12. O-O-O Qb6 13. g4 Be7 14. g5 Nc5
15. Nxc5 Qxc5 16. Ne5 Qb4 17. Kb1 a5 18. Qh5 f5 19. gxf6 g6 20. Bxg6 1-0

[Event "20. Open Pula 2006"]
[Site "Pula CRO"]
[Date "2006.06.22"]
[Round "6.25"]
[White "Krstic, Uros"]
[Black "Mack, Wolfgang"]
[Result "1-0"]
[WhiteElo "2343"]
[BlackElo "2210"]
[PlyCount "45"]
[EventDate "2006.06.18"]
[EventType "swiss"]
[EventRounds "9"]
[EventCountry "CRO"]
[Source "lmi"]
[SourceDate "2006.06.26"]

1. e4 g6 2. d4 Bg7 3. Nf3 d6 4. Nc3 a6 5. Bd3 Nd7 6. O-O c5 7. Be3 b5 8. Re1
Bb7 9. dxc5 Nxc5 10. Bxc5 dxc5 11. e5 Nh6 12. a4 b4 13. Ne4 Qb6 14. a5 Qc6 15.
Nf6+ Bxf6 16. Be4 Qc7 17. Bxb7 Qxb7 18. exf6 e6 19. Qd6 Rc8 20. Rad1 Nf5 21.
Rxe6+ fxe6 22. Qxe6+ Ne7 23. Ne5 1-0

[Event "20. Open Pula 2006"]
[Site "Pula CRO"]
[Date "2006.06.23"]
[Round "7.3"]
[White "Ivakhin, Maxim"]
[Black "Rogic, Davor"]
[Result "0-1"]
[WhiteElo "2368"]
[BlackElo "2540"]
[PlyCount "120"]
[EventDate "2006.06.18"]
[EventType "swiss"]
[EventRounds "9"]
[EventCountry "CRO"]
[Source "lmi"]
[SourceDate "2006.06.26"]

1. e4 e5 2. Nf3 Nc6 3. Bc4 Bc5 4. O-O Nf6 5. d3 d6 6. c3 a6 7. b4 Ba7 8. Qe2
Ne7 9. Be3 Ng6 10. Bxa7 Rxa7 11. Qe3 Ra8 12. d4 O-O 13. h3 exd4 14. Qxd4 b5 15.
Bd5 Nf4 16. Re1 N4xd5 17. exd5 Bb7 18. c4 bxc4 19. Nc3 c6 20. Qxc4 cxd5 21. Qd4
Rc8 22. Nd2 h6 23. Na4 Nd7 24. a3 Bc6 25. Nc3 Qf6 26. Nf3 Rfe8 27. Rxe8+ Rxe8
28. Qxf6 Nxf6 29. a4 Ne4 30. Nd4 Nxc3 31. Nxc6 Re4 32. Ra3 Rc4 33. Na5 Rc7 34.
Nb3 g6 35. Kf1 Kf8 36. Ra1 Rb7 37. b5 axb5 38. a5 Ke7 39. f3 Kd7 40. Ke1 Ra7
41. Kd2 Na4 42. h4 h5 43. g4 Ra8 44. Rc1 Rh8 45. g5 Ra8 46. f4 Re8 47. f5 gxf5
48. Nd4 Nc5 49. Rb1 Re4 50. Nxf5 Rf4 51. Nh6 Ke6 52. Rxb5 Rxh4 53. Rb8 Ra4 54.
Re8+ Kd7 55. Rg8 d4 56. Nxf7 Ra2+ 57. Kd1 Ne4 58. Rg7 Ke6 59. Nd8+ Kd5 60. Rc7
d3 0-1

[Event "20. Open Pula 2006"]
[Site "Pula CRO"]
[Date "2006.06.23"]
[Round "7.4"]
[White "Elbilia, Jacques"]
[Black "Cvitan, Ognjen"]
[Result "0-1"]
[WhiteElo "2333"]
[BlackElo "2527"]
[PlyCount "90"]
[EventDate "2006.06.18"]
[EventType "swiss"]
[EventRounds "9"]
[EventCountry "CRO"]
[Source "lmi"]
[SourceDate "2006.06.26"]

1. d4 Nf6 2. Nf3 e6 3. e3 c5 4. Bd3 d5 5. b3 Nc6 6. O-O Bd6 7. Bb2 O-O 8. Nbd2
b6 9. Ne5 Bb7 10. f4 Nb4 11. Be2 Ne4 12. a3 Nc6 13. Bd3 Ne7 14. g3 Rc8 15. Bxe4
dxe4 16. Ndc4 Nf5 17. g4 Nh4 18. Nxd6 Qxd6 19. Qe1 Nf3+ 20. Nxf3 exf3 21. c4
cxd4 22. Bxd4 f6 23. Bc3 Rfd8 24. Qf2 Qd3 25. Rac1 Rd7 26. Rfe1 Qe4 27. Red1
Rcd8 28. Rd4 Rxd4 29. exd4 Qxf4 30. h3 h5 31. Qh2 Qxh2+ 32. Kxh2 Kf7 33. Kg3
Rh8 34. a4 g5 35. Bb4 hxg4 36. hxg4 Rh4 37. a5 Bc6 38. axb6 axb6 39. d5 Bd7 40.
Bd6 e5 41. Ra1 Bxg4 42. Ra7+ Kg6 43. Bf8 Kf5 44. d6 Rh3+ 45. Kf2 Kf4 0-1

[Event "20. Open Pula 2006"]
[Site "Pula CRO"]
[Date "2006.06.23"]
[Round "7.6"]
[White "Popovic, Dusan"]
[Black "Kuljasevic, Davorin"]
[Result "1/2-1/2"]
[WhiteElo "2496"]
[BlackElo "2408"]
[PlyCount "113"]
[EventDate "2006.06.18"]
[EventType "swiss"]
[EventRounds "9"]
[EventCountry "CRO"]
[Source "lmi"]
[SourceDate "2006.06.26"]

1. e4 e6 2. d3 d5 3. Qe2 Nf6 4. Nf3 Nc6 5. g3 dxe4 6. dxe4 e5 7. Bg2 Bc5 8. O-O
O-O 9. c3 a5 10. Nh4 a4 11. Bg5 h6 12. Be3 Qe7 13. Nd2 Na5 14. Rfe1 Be6 15. Nf5
Bxf5 16. exf5 Bxe3 17. Qxe3 Qd7 18. b4 axb3 19. axb3 Rfd8 20. Ne4 Qxf5 21.
Nxf6+ Qxf6 22. Qxe5 Qxe5 23. Rxe5 Nxb3 24. Rxa8 Rxa8 25. Bxb7 Rb8 26. Bd5 Kf8
27. Re4 Rb6 28. Rf4 f6 29. Ra4 Nc5 30. Ra7 Rd6 31. Bc4 Rd7 32. Bb5 Re7 33. h4
Kf7 34. Bc4+ Ke8 35. Bb5+ Kf7 36. Ra8 f5 37. Kg2 Re4 38. Rb8 Ne6 39. Ra8 Re5
40. Bd3 Rc5 41. Bb1 Kf6 42. Ra3 g5 43. hxg5+ hxg5 44. Ba2 g4 45. Bxe6 Kxe6 46.
Kf1 Re5 47. Ra4 Rc5 48. Ra3 Re5 49. Ra4 c5 50. Rc4 Kd6 51. Ra4 Kc6 52. c4 Kd6
53. Ra6+ Ke7 54. Rc6 Kd7 55. Rf6 Ke7 56. Rc6 Kd7 57. Rf6 1/2-1/2

[Event "20. Open Pula 2006"]
[Site "Pula CRO"]
[Date "2006.06.23"]
[Round "7.8"]
[White "Sakelsek, Tadej"]
[Black "Kovacevic, Blazimir"]
[Result "1/2-1/2"]
[WhiteElo "2428"]
[BlackElo "2468"]
[PlyCount "103"]
[EventDate "2006.06.18"]
[EventType "swiss"]
[EventRounds "9"]
[EventCountry "CRO"]
[Source "lmi"]
[SourceDate "2006.06.26"]

1. e4 c5 2. Nf3 e6 3. d4 cxd4 4. Nxd4 a6 5. c4 Nf6 6. Nc3 Qc7 7. a3 b6 8. Be3
Bb7 9. f3 Nc6 10. Rc1 Nxd4 11. Bxd4 Bd6 12. g3 e5 13. Nd5 Bxd5 14. cxd5 Qb7 15.
Be3 O-O 16. Be2 Rfc8 17. O-O Rxc1 18. Qxc1 Rc8 19. Qd2 Bc5 20. Rc1 Bxe3+ 21.
Qxe3 Rxc1+ 22. Qxc1 Ne8 23. Qc3 d6 24. a4 a5 25. Bb5 Kf8 26. Kf2 Nf6 27. Ke3
Ke7 28. Qc4 Kd8 29. Bc6 Qa7 30. Qb5 h6 31. Kd3 g5 32. b4 axb4 33. Qxb4 Qc7 34.
Qb5 Qa7 35. Qb4 Qc7 36. Qc4 Qa7 37. Qb5 Qa5 38. Qxa5 bxa5 39. Kc4 Kc7 40. Kb5
g4 41. fxg4 Nxe4 42. Kxa5 Nf2 43. Kb4 Nxg4 44. h4 f5 45. a5 f4 46. gxf4 exf4
47. Kc3 Ne5 48. Bb5 h5 49. Be8 Nf3 50. Bxh5 Nxh4 51. Kd3 Nf5 52. Bg6 1/2-1/2

[Event "20. Open Pula 2006"]
[Site "Pula CRO"]
[Date "2006.06.23"]
[Round "7.9"]
[White "Goric, Esad"]
[Black "Saric, Ante"]
[Result "1/2-1/2"]
[WhiteElo "2346"]
[BlackElo "2474"]
[PlyCount "58"]
[EventDate "2006.06.18"]
[EventType "swiss"]
[EventRounds "9"]
[EventCountry "CRO"]
[Source "lmi"]
[SourceDate "2006.06.26"]

1. g3 e5 2. Bg2 d5 3. c4 d4 4. d3 Nc6 5. Nf3 Bb4+ 6. Bd2 a5 7. Bxb4 axb4 8. a3
Nf6 9. O-O Qe7 10. Nfd2 Bf5 11. Nb3 O-O 12. axb4 Qxb4 13. N1d2 Nd7 14. Qc2 Bg4
15. Nf3 h6 16. Rfb1 Rfb8 17. Nh4 Ne7 18. Bf1 Be6 19. Nd2 Nc5 20. Nhf3 f6 21.
Bg2 Ra6 22. Ne1 c6 23. Qc1 Na4 24. Nc2 Qb6 25. h3 Rba8 26. Kh2 R6a7 27. Ra3 Nc5
28. b4 Nd7 29. Rba1 Rxa3 1/2-1/2

[Event "20. Open Pula 2006"]
[Site "Pula CRO"]
[Date "2006.06.23"]
[Round "7.10"]
[White "Krstic, Uros"]
[Black "Rigo, Zsolt"]
[Result "1-0"]
[WhiteElo "2343"]
[BlackElo "2402"]
[PlyCount "89"]
[EventDate "2006.06.18"]
[EventType "swiss"]
[EventRounds "9"]
[EventCountry "CRO"]
[Source "lmi"]
[SourceDate "2006.06.26"]

1. g3 c5 2. Bg2 g6 3. e4 Bg7 4. Ne2 Nc6 5. c3 e5 6. d3 Nge7 7. Be3 d6 8. Nd2
O-O 9. O-O b6 10. f4 d5 11. Nf3 Ba6 12. Nxe5 Nxe5 13. fxe5 Bxe5 14. Bg5 d4 15.
cxd4 cxd4 16. Qb3 Kg7 17. Qa3 f6 18. Bxf6+ Rxf6 19. Rxf6 Bxf6 20. Qxa6 Kh8 21.
Bh3 Bg5 22. Qb7 a5 23. Nf4 Rb8 24. Qd7 Qxd7 25. Bxd7 Rb7 26. Bb5 Rc7 27. Ne6
Be3+ 28. Kh1 Rc8 29. Rf1 g5 30. Rf8+ Rxf8 31. Nxf8 Nc8 32. Nd7 Na7 33. a4 Nc8
34. Ba6 Ne7 35. Nxb6 Bd2 36. Bb7 Ng6 37. Nc4 Bb4 38. Kg2 Kg7 39. e5 g4 40. Bc8
h5 41. h3 gxh3+ 42. Bxh3 h4 43. Kf3 hxg3 44. Kxg3 Nf8 45. Bf5 1-0

[Event "20. Open Pula 2006"]
[Site "Pula CRO"]
[Date "2006.06.23"]
[Round "7.11"]
[White "Feletar, Darko"]
[Black "Orel, Oskar"]
[Result "1/2-1/2"]
[WhiteElo "2391"]
[BlackElo "2305"]
[PlyCount "40"]
[EventDate "2006.06.18"]
[EventType "swiss"]
[EventRounds "9"]
[EventCountry "CRO"]
[Source "lmi"]
[SourceDate "2006.06.26"]

1. e4 d5 2. exd5 Qxd5 3. Nf3 Nf6 4. d4 c6 5. Be2 Bf5 6. O-O e6 7. c4 Qd8 8. Nc3
Be7 9. Be3 O-O 10. Nh4 Be4 11. Nxe4 Nxe4 12. Nf3 Nd7 13. Qc2 Nef6 14. Rfd1 Qc7
15. Bd3 Rfe8 16. Rac1 g6 17. Qd2 e5 18. dxe5 Nxe5 19. Nxe5 Qxe5 20. Bf4 Qc5
1/2-1/2